Представление документа в формате MARC21

Поле Инд. ПП Название Значение
Тип записи a
Библиографический уровень b
001 Контрольный номер RU/IS/BASE/289666522
005 Дата корректировки 20220218103423.4
008 Кодируемые данные 20090306
040 b Код языка каталог. rus
e Правила каталог. PSBO
041 0_ a Код языка текста rus
084 a Индекс другой классификации/Индекс ББК 83.3(2=411.2)5
100 1_ a Автор Орлов Э. Д.
245 10 a Заглавие Отражение литературного быта 1880 - 1890 -х гг. в письмах В. В. Билибина к А. П. Чехову
504 a Библиография Библиогр. - Примеч.: с. 94
600 14 a Персоналии Чехов Антон Павлович
a Персоналии Билибин Виктор Викторович
650 04 a Основная рубрика история литературы
a Основная рубрика литературоведение
a Основная рубрика филологические науки
653 0_ a Ключевые слова XIX век
a Ключевые слова XX век
a Ключевые слова литературный быт
a Ключевые слова Россия
773 08 t Заглавие источника Вестник Московского университета. Серия 9, Филология
d Дата издания источника 2008
g Прочая информация № 2. - С. 86 - 94
w Контрольный № источника RU/IS/BASE/286474537
901 t Тип документа b